000
00294nam a22001097a 4500
008
160419b xxu||||| |||| 00| 0 eng d
020
_a
9780135114155
041
_a
eng
080
_a
618.2
245
_a
Health Physical 'Assessment in Nursing;
_c
Donita D'Amiko ,Colleen Barbarito:
942
_2
udc
_c
BK
999
_c
1426
_d
1426